01386nam a2200313 a 4500001001200000003000800012006001900020007001500039008004100054010001700095020003100112040002100143035002100164050002300185082001700208110009700225245018600322260007700508300002200585504005100607533015200658650003300810655002900843700002100872700001900893710001700912856012600929999001701055ebr10255053CaPaEBRm u cr cn|||||||||080108s2008 enka sb 101 0 eng  z 2008000626 z9781845933968 (alk. paper) aCaPaEBRcCaPaEBR a(OCoLC)27169056714aQL472b.R69 2008eb04a595.71762222 aRoyal Entomological Society of London.bSymposiumn(24th :d2007 :cUniversity of Edinburgh)10aAquatic insectsh[electronic resource] :bchallenges to populations : proceedings of the Royal Entomological Society's 24th symposium /cedited by Jill Lancaster and Rob A. Briers. aWallingford, Oxfordshire ;aCambridge, MA :bCABI International,cc2008. ax, 332 p. :bill. aIncludes bibliographical references and index. aElectronic reproduction.bPalo Alto, Calif. :cebrary,d2013.nAvailable via World Wide Web.nAccess may be limited to ebrary affiliated libraries. 0aAquatic insectsvCongresses. 7aElectronic books.2local1 aLancaster, Jill.1 aBriers, Rob A.2 aebrary, Inc.40uhttp://site.ebrary.com/lib/rucke/Doc?id=10255053zAn electronic book accessible through the World Wide Web; click to view c34199d34199